000 01297nam a22002657a 4500
005 20240530110453.0
008 150521s2010 ua a g b 000 0 ara d
017 _a2009/16058
_bمصر . دار الكتب المصرية
020 _a9789772821808
040 _aEG-CaGPL
082 0 4 _221
_a658.312404\
_bب أ
100 0 _aبولرباح عسالى .
245 1 2 _aالادارة و التعليم الادارى من اين يبدأ التغيير :
_bنظرة تحليلية لمخرجات الجامعات و مراكز التدريب الادارى العربية بالتركيز على تجربة الجزائر ، مصر ، و السعودية /
_cاعداد بولرباح عسالى .
250 _aط1.
260 _aالقاهرة :
_bايتراك للطباعة والنشر والتوزيع ،
_c2010.
300 _a336 ص ؛
_c24 سم .
504 _aببليوجرافية : ص 309 - 330
650 0 4 _aالتدريب الادارى .
650 0 4 _aالتعليم
_xطرق القياس
_zالجزائر .
650 0 4 _aالتعليم
_xطرق القياس
_zمصر .
650 0 4 _aالتعليم
_xطرق القياس
_zالسعودية .
650 0 4 _aالتعليم الجامعى .
650 0 4 _aالمدارس الحكومية
_zالجزائر .
942 _2ddc
_cBK
999 _c61303
_d61303